000 00256nam a22001217a 4500
041 _aENG
100 _anarang
245 _aAnnotated Bibliogarphy on Pawer Tillers
260 _aNew Delhi
_bDelhi
_c1995
300 _a143
650 _aAPE
856 _uAPE
999 _c2597
_d2597